[Event "25th Hoogeveen op"]
[Site "Hoogeveen NED"]
[Date "2022.10.21"]
[Round "8.14"]
[White "Shakhverdian, William"]
[Black "Mensing, Adrian"]
[Result "1-0"]
[WhiteElo "2123"]
[BlackElo "2000"]
[EventDate "2022.10.15"]
[PlyCount "91"]

1.Nf3 Nf6 2.c4 g6 3.Nc3 Bg7 4.d4 O-O 5.e4 d6 6.h3 e5 7.d5 a5 8.g4 Na6 9.
Be3 Nd7 10.Rg1 Ndc5 11.a3 a4 12.Qc2 Nb3 13.Rd1 Bd7 14.Nd2 Nac5 15.Nxb3 
Nxb3 16.f3 Kh8 17.Qg2 Qe7 18.Bd3 Nd4 19.Kd2 Ra5 20.h4 f5 21.exf5 gxf5 22.
Rde1 Nb3+ 23.Kc2 Nc5 24.Bxc5 Rxc5 25.gxf5 b5 26.cxb5 Bxf5 27.Bxf5 Rxf5 28.
Re4 Rf4 29.Qg5 Qxg5 30.Rxg5 h6 31.Rg3 Rc4 32.Rxc4 Rxc4 33.Rg4 Rd4 34.Rxd4 
exd4 35.Nxa4 h5 36.b6 cxb6 37.Nxb6 Bf6 38.Nc4 Bxh4 39.Nxd6 Bf6 40.Ne4 d3+ 
41.Kxd3 Bxb2 42.a4 Be5 43.a5 Bb8 44.d6 Kg7 45.d7 Bc7 46.a6 1-0

[Event "25th Hoogeveen op"]
[Site "Hoogeveen NED"]
[Date "2022.10.21"]
[Round "8.15"]
[White "Kotyk, Michael"]
[Black "Lootsma, Jan"]
[Result "1/2-1/2"]
[WhiteElo "2105"]
[BlackElo "1928"]
[EventDate "2022.10.15"]
[PlyCount "197"]

1.d4 e6 2.c4 d5 3.Nc3 Nf6 4.cxd5 exd5 5.Bg5 c6 6.e3 Bf5 7.Qf3 Bg6 8.Bxf6 
Qxf6 9.Qxf6 gxf6 10.h4 h5 11.Nh3 Bd6 12.Ne2 Nd7 13.Nef4 O-O-O 14.Rc1 Kb8 
15.f3 Rde8 16.Kf2 Nf8 17.a3 a5 18.Bd3 Bxd3 19.Nxd3 Ne6 20.g3 Rhg8 21.Rhg1 
Rg6 22.g4 Rh8 23.g5 fxg5 24.Nxg5 Nxg5 25.Rxg5 Be7 26.Rxg6 fxg6 27.Rh1 Kc7 
28.Ne5 Rg8 29.f4 Kd6 30.Rg1 Bxh4+ 31.Kf3 Bf6 32.Nxg6 c5 33.dxc5+ Kxc5 34.
b3 b5 35.f5 Bb2 36.Kf4 Bf6 37.Rc1+ Kd6 38.Rh1 h4 39.Nxh4 Bg5+ 40.Kf3 Rh8 
41.Kg4 Bxe3 42.Rf1 Rg8+ 43.Ng6 Rg7 44.Kf3 Bd2 45.Rd1 Bc3 46.Nf4 d4 47.Ne6 
Rf7 48.Ke4 Re7 49.Rf1 Bb2 50.a4 bxa4 51.bxa4 Bc3 52.Rb1 Rxe6+ 53.fxe6 Kxe6
54.Rb6+ Kd7 55.Rh6 Kc7 56.Kd3 Kb7 57.Kc4 Kc7 58.Rg6 Kd7 59.Rh6 Kc7 60.Kd5 
Kb7 61.Rh7+ Kb6 62.Rd7 Bb2 63.Rh7 Bc3 64.Kc4 Kc6 65.Rh6+ Kc7 66.Rh5 Kb6 
67.Rb5+ Kc6 68.Rd5 Kb6 69.Kd3 Kc6 70.Ke4 Kc7 71.Kf5 Kb6 72.Kf4 Kc6 73.Ke4 
Kb6 74.Kd3 Kc6 75.Kc4 Kb6 76.Rc5 Kb7 77.Kb5 Bb4 78.Rd5 Bc3 79.Rd7+ Kc8 80.
Kc6 Kb8 81.Kb6 Kc8 82.Rd5 Bd2 83.Kb5 Bc3 84.Kc6 Kb8 85.Rd8+ Ka7 86.Kc7 Bb2
87.Rd7 Bc3 88.Rd5 Ka6 89.Rd8 Ka7 90.Kc6 Bb2 91.Rd7+ Ka6 92.Rd6 Bc3 93.Rd5 
Ka7 94.Rc5 Ka6 95.Kc7 Ka7 96.Rc6 Bb4 97.Kc8 d3 98.Kc7 d2 99.Rb6 1/2-1/2

[Event "25th Hoogeveen op"]
[Site "Hoogeveen NED"]
[Date "2022.10.21"]
[Round "8.16"]
[White "Asatryan, Sona"]
[Black "Sevcikova, Lucia"]
[Result "0-1"]
[WhiteElo "2088"]
[BlackElo "1931"]
[EventDate "2022.10.15"]
[PlyCount "124"]

1.e4 e6 2.d4 d5 3.Nd2 c5 4.exd5 Qxd5 5.Ngf3 cxd4 6.Bc4 Qd7 7.O-O Nc6 8.Nb3
a6 9.a4 Nf6 10.Nbxd4 Nxd4 11.Nxd4 Qc7 12.Qe2 Bd6 13.h3 O-O 14.c3 b6 15.Bg5
Bb7 16.Bd3 Nd5 17.Qh5 g6 18.Qh6 Bh2+ 19.Kh1 Bf4 20.Be4 Bxg5 21.Qxg5 e5 22.
Qg3 Nf4 23.Bxb7 Qxb7 24.Qf3 Qxf3 25.Nxf3 f6 26.Rad1 Rfd8 27.Kh2 Rac8 28.
Rd2 Rxd2 29.Nxd2 Nd3 30.Rb1 f5 31.f3 b5 32.a5 Kf7 33.Nb3 Kf6 34.Nc1 Nc5 
35.b4 Na4 36.Ne2 Ke6 37.Rd1 Rc7 38.Rd3 Rd7 39.Re3 Nb2 40.Nd4+ Kd5 41.Nb3 
Kc4 42.Nc5 Re7 43.Nxa6 Nd1 44.Re1 Nxc3 45.Kg3 e4 46.fxe4 fxe4 47.Nb8 Rb7 
48.Na6 Kd4 49.Ra1 e3 50.Nc5 Ra7 51.Ne6+ Kd3 52.Nc5+ Kc4 53.Kf3 e2 54.Re1 
Kxb4 55.Nd3+ Kxa5 56.Nc1 Re7 57.g4 b4 58.h4 h6 59.Nd3 b3 60.g5 h5 61.Rc1 
Nd1 62.Ne1 b2 0-1

[Event "25th Hoogeveen op"]
[Site "Hoogeveen NED"]
[Date "2022.10.21"]
[Round "8.17"]
[White "Van T Hoff, Tom"]
[Black "Fuhrmann, Bahne"]
[Result "1-0"]
[WhiteElo "1905"]
[BlackElo "2063"]
[EventDate "2022.10.15"]
[PlyCount "73"]

1.e4 e5 2.Ne2 Bc5 3.f4 Nh6 4.d4 exd4 5.Nxd4 O-O 6.Be2 Re8 7.Bf3 d5 8.e5 c6
9.Nc3 f6 10.O-O Nf5 11.Ne2 fxe5 12.fxe5 Rxe5 13.Kh1 Qh4 14.Bf4 Bxd4 15.
Nxd4 Re8 16.Nxf5 Bxf5 17.Bxd5+ cxd5 18.Bxb8 Be4 19.Bg3 Qg5 20.Qc1 Qg6 21.
Qd2 Re6 22.c3 Rae8 23.Rae1 h5 24.Kg1 b5 25.a3 a5 26.Qf4 Kh7 27.Qd2 R8e7 
28.Qf4 Rd7 29.Qd2 Qg4 30.Qf4 Qg6 31.Qd2 Rb6 32.Rf4 Qh6 33.Rexe4 Rf6 34.Re2
Rdf7 35.Rxf6 Qxf6 36.Rf2 Qb6 37.Qd4 1-0

[Event "25th Hoogeveen op"]
[Site "Hoogeveen NED"]
[Date "2022.10.21"]
[Round "8.18"]
[White "Ten Ham, John"]
[Black "Dehn, Marcus"]
[Result "1/2-1/2"]
[WhiteElo "1910"]
[BlackElo "2098"]
[EventDate "2022.10.15"]
[PlyCount "88"]

1.d4 d5 2.c4 e6 3.Nc3 c6 4.Bf4 Bd6 5.Bxd6 Qxd6 6.e3 Nf6 7.Nf3 Nbd7 8.Be2 
O-O 9.O-O b6 10.cxd5 exd5 11.Rc1 Bb7 12.a3 Rfc8 13.b4 a5 14.Qb3 axb4 15.
axb4 b5 16.Ra1 Nb6 17.Rfd1 Nc4 18.Ne1 Rcb8 19.Nd3 Bc8 20.Nc5 Bg4 21.f3 Bh5
22.Bxc4 bxc4 23.Qb2 g5 24.Rxa8 Rxa8 25.e4 Qf4 26.Qc1 Qxc1 27.Rxc1 Bg6 28.
b5 cxb5 29.Nxb5 dxe4 30.fxe4 Nxe4 31.Nxe4 Bxe4 32.Rxc4 Ra2 33.Nd6 Rxg2+ 
34.Kf1 Rg4 35.Kf2 h5 36.Ke3 Bh1 37.Rc7 Rh4 38.Nxf7 g4 39.Nh6+ Kf8 40.Rc2 
Ke8 41.Nf5 Rh3+ 42.Kf4 Kd7 43.Ng3 Bf3 44.Ne4 Bxe4 1/2-1/2

[Event "25th Hoogeveen op"]
[Site "Hoogeveen NED"]
[Date "2022.10.21"]
[Round "8.19"]
[White "Zecha, Oscar"]
[Black "Van der Hagen, Loek"]
[Result "0-1"]
[WhiteElo "1854"]
[BlackElo "2079"]
[EventDate "2022.10.15"]
[PlyCount "120"]

1.e4 c5 2.Nf3 d6 3.d4 cxd4 4.Nxd4 Nf6 5.Nc3 Nc6 6.Bg5 Bd7 7.Nxc6 Bxc6 8.f3
e6 9.Bc4 Be7 10.Be3 Qc7 11.Bb3 b5 12.O-O b4 13.Ne2 O-O 14.Nd4 Bb7 15.c4 
bxc3 16.Rc1 d5 17.Nb5 Qa5 18.Nxc3 dxe4 19.fxe4 Nxe4 20.Nxe4 Bxe4 21.Qg4 
Bf5 22.Qg3 Bf6 23.Rc5 Qb4 24.Rc4 Qb5 25.Qf2 a5 26.Rc5 Qb7 27.h3 a4 28.Bd5 
exd5 29.Qxf5 Qxb2 30.Qxd5 Rad8 31.Qc4 Bd4 32.Bxd4 Qxd4+ 33.Qxd4 Rxd4 34.
Ra5 Rfd8 35.Ra7 f6 36.Re1 Rd1 37.Kf2 Rxe1 38.Kxe1 Rd4 39.Ke2 h5 40.g3 Kh7 
41.Ke3 Rb4 42.Kd3 h4 43.g4 Rb2 44.Rxa4 Rh2 45.Ra5 Rxh3+ 46.Ke4 g6 47.g5 
fxg5 48.Rxg5 Kh6 49.Rg2 Ra3 50.Kf4 Ra4+ 51.Kf3 Kh5 52.Rb2 g5 53.Rc2 Ra3+ 
54.Kg2 h3+ 55.Kh2 g4 56.Rb2 Kh4 57.Kh1 Kg3 58.Kg1 Kf3 59.Kh2 Re3 60.Kg1 
Re1+ 0-1

[Event "25th Hoogeveen op"]
[Site "Hoogeveen NED"]
[Date "2022.10.21"]
[Round "8.20"]
[White "Labruyere, Roger"]
[Black "Cuyvers, Jens"]
[Result "1/2-1/2"]
[WhiteElo "2063"]
[BlackElo "1765"]
[EventDate "2022.10.15"]
[PlyCount "103"]

1.e4 e6 2.d4 d5 3.Nd2 c5 4.Ngf3 cxd4 5.Nxd4 Nf6 6.e5 Nfd7 7.f4 Nxe5 8.Bb5+
Nec6 9.N2f3 Bd7 10.Be3 Nxd4 11.Bxd7+ Qxd7 12.Nxd4 Nc6 13.Qg4 Nxd4 14.Bxd4 
Rc8 15.O-O f5 16.Qg3 Bc5 17.Bxc5 Rxc5 18.Rfe1 Kf7 19.Re2 Rhc8 20.c3 b5 21.
Rae1 R8c6 22.Qh3 Kg8 23.g4 d4 24.Qd3 fxg4 25.cxd4 Rd5 26.Qg3 Rxd4 27.f5 
Rd3 28.Qxg4 Qd4+ 29.Qxd4 Rxd4 30.fxe6 Rd8 31.Kg2 Re8 32.Kg3 g5 33.Kg4 h6 
34.b3 Kg7 35.h4 gxh4 36.Kxh4 Re7 37.Rg2+ Kh7 38.Rge2 Kg7 39.Re4 a6 40.R1e2
Rd6 41.Kg3 Rc6 42.Kh4 Kf6 43.Rf4+ Kg7 44.Rg4+ Kf6 45.Rf4+ Kg7 46.Rg2+ Kh7 
47.Rf7+ Rxf7 48.exf7 Rf6 49.Rd2 Rxf7 50.Rd6 a5 51.Rd5 Rf2 52.Rxb5 1/2-1/2

[Event "25th Hoogeveen op"]
[Site "Hoogeveen NED"]
[Date "2022.10.21"]
[Round "8.21"]
[White "Valiente, Paulo"]
[Black "Klaren, Duncan"]
[Result "0-1"]
[WhiteElo "1819"]
[BlackElo "2009"]
[EventDate "2022.10.15"]
[PlyCount "92"]

1.Nf3 Nf6 2.g3 b6 3.d4 Bb7 4.c4 e6 5.Bg2 Be7 6.Nc3 Ne4 7.Nxe4 Bxe4 8.O-O 
O-O 9.a3 d5 10.b3 c5 11.cxd5 exd5 12.Bb2 Bf6 13.Rc1 Re8 14.e3 Nd7 15.Qd2 
Qe7 16.Rfd1 cxd4 17.Nxd4 Bxg2 18.Kxg2 Qe4+ 19.Kg1 h6 20.Nc6 Nc5 21.Bxf6 
Nxb3 22.Qb2 Nxc1 23.Bxg7 Qg4 24.Qxc1 Kxg7 25.Qd2 Rac8 26.Nd4 Qe4 27.Qb4 
Rc4 28.Qb2 Kg8 29.h3 Rec8 30.g4 Qe5 31.Kg2 h5 32.Qd2 Rc3 33.Rg1 h4 34.a4 
Qe4+ 35.Kh2 Rd3 36.Qb2 Rcc3 37.Nf5 Qxa4 38.Qe2 Qe4 39.Rg2 d4 40.Qb2 dxe3 
41.Nxe3 Rxe3 42.fxe3 Qxe3 43.Re2 Qxh3+ 44.Kg1 Rg3+ 45.Kf2 Rg2+ 46.Ke1 Qh1+
0-1

[Event "25th Hoogeveen op"]
[Site "Hoogeveen NED"]
[Date "2022.10.21"]
[Round "8.23"]
[White "Goudriaan, Rafael"]
[Black "Bloem, Mark"]
[Result "1-0"]
[WhiteElo "1654"]
[BlackElo "1917"]
[EventDate "2022.10.15"]
[PlyCount "79"]

1.d4 Nf6 2.Bg5 d5 3.Bxf6 exf6 4.e3 Bd6 5.Bd3 Nc6 6.c3 f5 7.Qf3 Ne7 8.Ne2 
Be6 9.Ng3 g6 10.Nd2 Qd7 11.a3 O-O-O 12.b4 f4 13.exf4 Bg4 14.Qe3 Rhe8 15.
Be2 Bxe2 16.Nxe2 Nf5 17.Qd3 Bxf4 18.O-O Bd6 19.Nc1 Qe7 20.Ncb3 Qe2 21.Qxe2
Rxe2 22.Rfe1 Rde8 23.Kf1 Rxe1+ 24.Rxe1 Rxe1+ 25.Kxe1 h5 26.Nf3 f6 27.h3 g5
28.Ke2 g4 29.Ne1 Ne7 30.hxg4 hxg4 31.g3 Ng6 32.Ng2 Kd8 33.Ke3 b6 34.a4 a6 
35.b5 axb5 36.axb5 Ke7 37.Nc1 Kd7 38.Nd3 c5 39.Ndf4 c4 40.Nxg6 1-0

[Event "25th Hoogeveen op"]
[Site "Hoogeveen NED"]
[Date "2022.10.21"]
[Round "8.24"]
[White "Pouw, Marcel"]
[Black "Arabi, Osama"]
[Result "1-0"]
[WhiteElo "1862"]
[BlackElo "2117"]
[EventDate "2022.10.15"]
[PlyCount "77"]

1.d4 Nf6 2.Nf3 d5 3.g3 c5 4.c4 dxc4 5.Bg2 e6 6.Qa4+ Nbd7 7.Qxc4 b5 8.Qc2 
Bb7 9.O-O Rc8 10.Qd1 c4 11.Nc3 b4 12.Nb1 Be7 13.Qa4 Bc6 14.Qa6 O-O 15.a3 
Nb8 16.Qxa7 Nbd7 17.Ne5 Nxe5 18.dxe5 Bxg2 19.Kxg2 Qd5+ 20.f3 Bc5 21.Qa6 
Ra8 22.Qb5 Rfb8 23.Qxb8+ Rxb8 24.axb4 Qxe5 25.bxc5 Qxe2+ 26.Rf2 Qe1 27.Nc3
Rc8 28.Re2 Qxe2+ 29.Nxe2 h6 30.Be3 Nd5 31.Bg1 Rb8 32.Bd4 e5 33.Bc3 Rb5 34.
Ra8+ Kh7 35.Rc8 f6 36.f4 e4 37.Nd4 Nxc3 38.Nxb5 Nxb5 39.Rb8 1-0

[Event "25th Hoogeveen op"]
[Site "Hoogeveen NED"]
[Date "2022.10.21"]
[Round "8.25"]
[White "Van Houwelingen, Leo"]
[Black "Vasse, Albert"]
[Result "1-0"]
[WhiteElo "2003"]
[BlackElo "1844"]
[EventDate "2022.10.15"]
[PlyCount "97"]

1.e4 c5 2.Nf3 Nc6 3.Bb5 e6 4.Bxc6 bxc6 5.O-O d5 6.d3 Nf6 7.Nbd2 Be7 8.Qe2 
O-O 9.Re1 h6 10.a4 Rb8 11.b3 Bd7 12.Bb2 Nh7 13.Ne5 Bf6 14.Rab1 Rb7 15.f4 
Be8 16.Ndf3 Be7 17.Kh1 Bd6 18.g3 h5 19.Nh4 g5 20.fxg5 Qxg5 21.Nef3 Qg4 22.
Qg2 d4 23.e5 Be7 24.Re4 Qg7 25.Rg1 Ng5 26.Rf4 f5 27.exf6 Rxf6 28.Bc1 Nxf3 
29.Nxf3 Bd6 30.Rxf6 Qxf6 31.Ng5 Rg7 32.Rf1 Qe7 33.h4 Qd7 34.Ne4 Be7 35.Bg5
Bxg5 36.hxg5 Qe7 37.Qh3 Bg6 38.Nf6+ Kh8 39.g4 Bf7 40.Qh4 e5 41.gxh5 Bd5+ 
42.Kg1 e4 43.dxe4 Bg8 44.g6 Qe6 45.Rf3 c4 46.Qf4 cxb3 47.cxb3 Qc8 48.Qg5 
Bf7 49.Qh6+ 1-0

[Event "25th Hoogeveen op"]
[Site "Hoogeveen NED"]
[Date "2022.10.21"]
[Round "8.26"]
[White "Storkebaum, Ulrike"]
[Black "Boersma, Jan"]
[Result "1/2-1/2"]
[WhiteElo "1768"]
[BlackElo "1930"]
[EventDate "2022.10.15"]
[PlyCount "40"]

1.e4 c5 2.Nf3 g6 3.d4 cxd4 4.Nxd4 Nc6 5.c4 Bg7 6.Be3 Qb6 7.Nb5 Qa5+ 8.N1c3
Nf6 9.f3 O-O 10.Be2 d6 11.O-O Be6 12.Rc1 a6 13.Nd4 Nxd4 14.Bxd4 Rfc8 15.b3
b5 16.cxb5 axb5 17.Qd3 b4 18.Na4 Nd7 19.Bxg7 Kxg7 20.Qd4+ f6 1/2-1/2

[Event "25th Hoogeveen op"]
[Site "Hoogeveen NED"]
[Date "2022.10.21"]
[Round "8.27"]
[White "Mader, Fabian"]
[Black "Huo, Da"]
[Result "0-1"]
[WhiteElo "1735"]
[BlackElo "1909"]
[EventDate "2022.10.15"]
[PlyCount "94"]

1.e4 c5 2.Nf3 Nc6 3.Bb5 Nf6 4.Qe2 a6 5.Bxc6 dxc6 6.O-O g6 7.h3 Bg7 8.c3 
O-O 9.d3 Qc7 10.e5 Ne8 11.Bf4 b6 12.Nbd2 Qb7 13.Ne4 Nc7 14.Rfd1 Ne6 15.Be3
Rd8 16.Rac1 f5 17.Neg5 h6 18.Nxe6 Bxe6 19.b3 Qc7 20.h4 Qc8 21.Rc2 Rf8 22.
Bf4 a5 23.Qe3 Kh7 24.d4 c4 25.Rb2 b5 26.Nd2 Bd5 27.bxc4 bxc4 28.Rdb1 Qe6 
29.Rb6 Rg8 30.f3 g5 31.hxg5 Qg6 32.Kf2 hxg5 33.Bxg5 Bh6 34.f4 Bxg5 35.fxg5
Qxg5 36.Rh1+ Kg6 37.Qxg5+ Kxg5 38.Rb7 Rab8 39.Rhb1 Rxb7 40.Rxb7 Kf4 41.Nf3
e6 42.Ra7 Rb8 43.Rxa5 Rb2+ 44.Kf1 Bxf3 45.gxf3 Kxf3 46.Ke1 Ke3 47.Kf1 f4 
0-1

[Event "25th Hoogeveen op"]
[Site "Hoogeveen NED"]
[Date "2022.10.21"]
[Round "8.28"]
[White "Aravindhan, Achyuth"]
[Black "Krylov, Philippe"]
[Result "0-1"]
[WhiteElo "1907"]
[BlackElo "1609"]
[EventDate "2022.10.15"]
[PlyCount "116"]

1.e4 c6 2.d4 d5 3.e5 Bf5 4.Nd2 e6 5.Nb3 Nd7 6.Nf3 Qc7 7.c4 dxc4 8.Bxc4 Nb6
9.Bd3 Ne7 10.a4 Bxd3 11.Qxd3 h5 12.Bd2 Nbd5 13.Nc5 Nf5 14.O-O Rd8 15.Bg5 
Be7 16.Bxe7 Qxe7 17.Rac1 Nf4 18.Qc2 Nxd4 19.Nxd4 Rxd4 20.Ne4 O-O 21.Rce1 
Rd5 22.Re3 Rxe5 23.Qc3 Qc7 24.Qc4 Rd5 25.Rg3 Qe5 26.Qc2 Rd4 27.Re3 Nd5 28.
Ree1 Nb4 29.Qc3 Nd5 30.Qc2 Qf5 31.Qe2 Nf4 32.Qe3 Rd3 33.Qxa7 Qg4 34.Ng3 h4
35.f3 Qg6 36.Re4 Nh3+ 37.gxh3 hxg3 38.Rg4 gxh2+ 39.Kxh2 Rd2+ 40.Rf2 Qc2 
41.Rgg2 Rfd8 42.Qb6 R8d7 43.b3 Rxf2 44.Rxf2 Qd3 45.Kg2 Qd4 46.Qxd4 Rxd4 
47.Rc2 Rb4 48.Rc3 e5 49.Kg3 f6 50.Rd3 Kf7 51.Rd7+ Kg6 52.Rd3 Kf5 53.Re3 b6
54.Rc3 c5 55.Re3 e4 56.f4 Rd4 57.Re2 Rd3+ 58.Kf2 Kxf4 0-1

[Event "25th Hoogeveen op"]
[Site "Hoogeveen NED"]
[Date "2022.10.21"]
[Round "8.29"]
[White "Wolters, Vincent"]
[Black "Godding, Mick"]
[Result "0-1"]
[WhiteElo "1882"]
[BlackElo "1831"]
[EventDate "2022.10.15"]
[PlyCount "82"]

1.e4 d5 2.exd5 Nf6 3.Nf3 Nxd5 4.d4 Bf5 5.Bd3 Bxd3 6.Qxd3 e6 7.Qb5+ Nc6 8.
Qxb7 Ndb4 9.Qb5 Nxc2+ 10.Kd1 Nxd4 11.Nxd4 Qxd4+ 12.Ke2 Qd7 13.Qc4 Nd4+ 14.
Kf1 Rd8 15.Nc3 Nc2 16.Rb1 Bb4 17.Bf4 Bxc3 18.Qxc3 Qb5+ 19.Kg1 Nd4 20.Re1 
O-O 21.Qd2 Nf3+ 22.gxf3 Rxd2 23.Bxd2 Qxb2 24.Be3 Qf6 25.Kg2 Qg6+ 26.Kh3 
Rd8 27.Rhg1 Qf5+ 28.Kg2 Rd5 29.Rb1 h6 30.Rgc1 c5 31.Rb5 g5 32.Rcxc5 Rxc5 
33.Rxc5 e5 34.Ra5 g4 35.fxg4 Qxg4+ 36.Kh1 Qf3+ 37.Kg1 Qd1+ 38.Kg2 Qg4+ 39.
Kh1 a6 40.Rxa6 Qe4+ 41.Kg1 Qb1+ 0-1

[Event "25th Hoogeveen op"]
[Site "Hoogeveen NED"]
[Date "2022.10.21"]
[Round "8.30"]
[White "Nijdam, Brian"]
[Black "Spaans, Leo"]
[Result "1-0"]
[WhiteElo "1877"]
[BlackElo "1791"]
[EventDate "2022.10.15"]
[PlyCount "29"]

1.e4 e5 2.Nf3 Nc6 3.Bc4 Bc5 4.c3 Nf6 5.d4 exd4 6.cxd4 Bb6 7.e5 d5 8.exf6 
dxc4 9.d5 Na5 10.fxg7 Rg8 11.O-O Qf6 12.Re1+ Kd7 13.Bg5 Qxb2 14.Ne5+ Kd6 
15.Be7+ 1-0

[Event "25th Hoogeveen op"]
[Site "Hoogeveen NED"]
[Date "2022.10.21"]
[Round "8.32"]
[White "Avis, Fred"]
[Black "Hanna-Matrr, David"]
[Result "1-0"]
[WhiteElo "1759"]
[BlackElo "1904"]
[EventDate "2022.10.15"]
[PlyCount "69"]

1.d4 g6 2.Nc3 Bg7 3.e4 d6 4.Bg5 h6 5.Be3 Nf6 6.Qd2 c6 7.f3 Nbd7 8.g4 e5 9.
g5 Nh5 10.gxh6 Bxh6 11.O-O-O Qh4 12.Bxh6 Ng3 13.Bg5 Qh5 14.hxg3 Qxh1 15.
Bc4 f6 16.Be3 Rh7 17.Be6 Nb6 18.Bxc8 Nc4 19.Qd3 Nxe3 20.Qxe3 Rxc8 21.dxe5 
dxe5 22.f4 exf4 23.gxf4 Qh6 24.Nge2 b5 25.Qd4 Re7 26.Kb1 Rcc7 27.Qxf6 Qh5 
28.a3 a5 29.b4 axb4 30.axb4 c5 31.Nd5 Rcd7 32.Qxe7+ Rxe7 33.Nf6+ Kf7 34.
Nxh5 gxh5 35.Ng3 1-0

[Event "25th Hoogeveen op"]
[Site "Hoogeveen NED"]
[Date "2022.10.21"]
[Round "8.33"]
[White "Van de Mheen, Steven"]
[Black "Bollaart, Jeroen"]
[Result "0-1"]
[WhiteElo "1473"]
[BlackElo "1937"]
[EventDate "2022.10.15"]
[PlyCount "31"]

1.e4 g6 2.d4 Bg7 3.f4 d6 4.Nf3 Nd7 5.c3 Ngf6 6.Bd3 O-O 7.Qb3 e5 8.fxe5 
dxe5 9.dxe5 Nc5 10.Qc2 Nxd3+ 11.Ke2 Nxc1+ 12.Rxc1 Ng4 13.Rd1 Qe7 14.Nbd2 
Qc5 15.Rf1 Ne3 16.Ke1 0-1

[Event "25th Hoogeveen op"]
[Site "Hoogeveen NED"]
[Date "2022.10.21"]
[Round "8.34"]
[White "Van de Poel, Taco"]
[Black "Borggreve, Martin"]
[Result "1-0"]
[WhiteElo "1881"]
[BlackElo "1534"]
[EventDate "2022.10.15"]
[PlyCount "33"]

1.e4 d6 2.d4 f5 3.Nc3 Nf6 4.Bd3 e6 5.Nf3 Nc6 6.exf5 exf5 7.O-O Be7 8.Re1 
h6 9.Nh4 Ne4 10.Qh5+ Kf8 11.Bc4 d5 12.Bxd5 Nd6 13.Ng6+ Ke8 14.Nxh8+ Kf8 
15.Ng6+ Ke8 16.Nxe7+ Kf8 17.Ng6# 1-0

[Event "25th Hoogeveen op"]
[Site "Hoogeveen NED"]
[Date "2022.10.21"]
[Round "8.35"]
[White "Van Foreest, Nanne"]
[Black "Winkel, Ruud"]
[Result "1-0"]
[WhiteElo "1856"]
[BlackElo "1663"]
[EventDate "2022.10.15"]
[PlyCount "57"]

1.e4 d5 2.exd5 Nf6 3.d4 Bg4 4.Nf3 Qxd5 5.Be2 Qh5 6.c4 Nc6 7.Be3 O-O-O 8.
Qa4 e5 9.d5 Nxd5 10.cxd5 Rxd5 11.O-O Ra5 12.Qc2 Bd6 13.h3 Bf5 14.Nh4 Bxc2 
15.Bxh5 g6 16.Bf3 e4 17.Be2 Be7 18.g3 f5 19.Ng2 Rd8 20.Nc3 g5 21.Rac1 Bd3 
22.Bxd3 Rxd3 23.Ne1 Rd7 24.f3 exf3 25.Nxf3 Rd3 26.Kf2 f4 27.gxf4 gxf4 28.
Bxf4 Ne5 29.Bxe5 1-0

[Event "25th Hoogeveen op"]
[Site "Hoogeveen NED"]
[Date "2022.10.21"]
[Round "8.36"]
[White "Selten, Ton"]
[Black "Niemeijer, Leon"]
[Result "0-1"]
[WhiteElo "1809"]
[BlackElo "1841"]
[EventDate "2022.10.15"]
[PlyCount "76"]

1.e4 e6 2.d3 d5 3.Nd2 Nf6 4.Ngf3 b6 5.g3 dxe4 6.dxe4 Bb7 7.Qe2 Nbd7 8.Bg2 
g6 9.O-O Bg7 10.c3 O-O 11.h4 e5 12.Nh2 Nc5 13.b3 Re8 14.Ba3 Qd3 15.Rfe1 
Qxc3 16.Nc4 Qd3 17.Qb2 Qd4 18.Bxc5 Qxc5 19.Rac1 Qe7 20.f3 Rad8 21.Bh3 c5 
22.Nf1 Nd7 23.Nfe3 Nf8 24.Rcd1 Ne6 25.Nd5 Bxd5 26.exd5 Nd4 27.Qf2 Rxd5 28.
f4 e4 29.Kh1 f5 30.Ne3 Rdd8 31.g4 Nf3 32.gxf5 Nxe1 33.fxg6 Rxd1 34.gxh7+ 
Kxh7 35.Nxd1 Nf3 36.Qg2 Qxh4 37.Ne3 Bd4 38.Nf5 Qe1+ 0-1

[Event "25th Hoogeveen op"]
[Site "Hoogeveen NED"]
[Date "2022.10.21"]
[Round "8.37"]
[White "Warnk, Torsten"]
[Black "Bellamy, Linda"]
[Result "1-0"]
[WhiteElo "1709"]
[BlackElo "1401"]
[EventDate "2022.10.15"]
[PlyCount "153"]

1.d4 d5 2.Nf3 e6 3.a3 Nf6 4.Bf4 Bd6 5.Bg5 b6 6.e3 Bb7 7.c4 Nbd7 8.Nc3 a6 
9.Rc1 O-O 10.cxd5 exd5 11.Bd3 h6 12.Bh4 Qe8 13.O-O Ne4 14.Bxe4 dxe4 15.Nd2
f5 16.Bg3 Qf7 17.Qb3 Kh7 18.Qxf7 Rxf7 19.Bxd6 cxd6 20.Ne2 a5 21.Rfe1 d5 
22.Rc7 Rb8 23.Nc3 Kg8 24.Nb5 Nf6 25.Rec1 Ne8 26.Rxf7 Kxf7 27.f3 Rc8 28.Nc3
Nd6 29.fxe4 dxe4 30.Rf1 Ke6 31.h3 g6 32.g4 Rg8 33.Na4 Rc8 34.Nxb6 Rc2 35.
Nb3 Rxb2 36.Nc5+ Kf6 37.Nbd7+ Kg5 38.gxf5 gxf5 39.Rf4 Bd5 40.h4+ Kg6 41.
Ne5+ Kg7 42.Ncd7 Re2 43.Rf2 Rxf2 44.Kxf2 Nb5 45.Nb6 Bb3 46.a4 Nc3 47.Nc6 
Bxa4 48.Nxa5 Nd1+ 49.Ke2 Nc3+ 50.Kd2 Nb1+ 51.Kc1 Nc3 52.Kb2 Nd1+ 53.Ka3 
Bb5 54.Kb4 Be8 55.Nac4 Kg6 56.Nd5 Kg7 57.Nf4 Bf7 58.d5 Kf8 59.Kc5 Ke8 60.
Kd6 Kd8 61.Ke5 Ke7 62.Kxf5 Nf2 63.Ne5 Be8 64.Ng4 Bd7+ 65.Ne6 Bxe6+ 66.dxe6
Nxg4 67.Kxg4 Kxe6 68.Kf4 Kf6 69.Kxe4 Ke6 70.Kf4 Kf6 71.Ke4 Ke6 72.h5 Ke7 
73.Ke5 Kf7 74.Kf5 Kg7 75.Ke6 Kf8 76.e4 Ke8 77.e5 1-0

[Event "25th Hoogeveen op"]
[Site "Hoogeveen NED"]
[Date "2022.10.21"]
[Round "8.38"]
[White "Abma, Klaas"]
[Black "Kazarjan, Gachatur"]
[Result "1-0"]
[WhiteElo "1835"]
[BlackElo "1746"]
[EventDate "2022.10.15"]
[PlyCount "155"]

1.d4 e5 2.dxe5 d6 3.e4 Nc6 4.Nf3 Bg4 5.Bb5 dxe5 6.Qxd8+ Rxd8 7.Bxc6+ bxc6 
8.O-O f6 9.Be3 a6 10.a3 g5 11.Nc3 Bd6 12.Nd2 Be6 13.Rfd1 Ne7 14.Na4 Ng6 
15.Nb3 h5 16.Nac5 Bc8 17.Na5 Ke7 18.Nxc6+ Kf7 19.Nxd8+ Rxd8 20.b4 h4 21.h3
g4 22.hxg4 Bxg4 23.f3 Bc8 24.Kf2 Rg8 25.Rh1 Ke7 26.Rag1 Rh8 27.g3 h3 28.
Rh2 f5 29.exf5 Bxf5 30.c3 Ke8 31.Rgh1 e4 32.Nxe4 Rf8 33.Nxd6+ cxd6 34.Ke2 
Ne5 35.f4 Bg4+ 36.Kf1 Nc4 37.Bc1 Rh8 38.Kf2 Kd7 39.Re1 d5 40.Kg1 Rg8 41.
Rf2 Bf5 42.Kh2 Kc6 43.a4 Nd6 44.Re5 Rf8 45.Rfe2 Ne4 46.Bb2 Bg4 47.R2xe4 
dxe4 48.Rxe4 Rd8 49.Rd4 Re8 50.Rd2 Bf3 51.Rf2 Bg2 52.g4 Kd5 53.g5 Rg8 54.
Re2 Kc4 55.Ba1 Kb3 56.b5 axb5 57.axb5 Kc4 58.Bb2 Kxb5 59.Ba3 Kc4 60.Bb4 
Rg7 61.Rf2 Kd3 62.Rxg2 hxg2 63.Kxg2 Ke4 64.Kg3 Kf5 65.Bd6 Rd7 66.Be5 Rd3+ 
67.Kf2 Rd8 68.Ke3 Rd7 69.c4 Ke6 70.Ke4 Rd1 71.f5+ Kf7 72.c5 Re1+ 73.Kd5 
Rf1 74.g6+ Ke8 75.f6 Rf5 76.Ke6 Rf2 77.g7 Rxf6+ 78.Kxf6 1-0

[Event "25th Hoogeveen op"]
[Site "Hoogeveen NED"]
[Date "2022.10.21"]
[Round "8.39"]
[White "Tabak, Wesley"]
[Black "Kompaan, Rick"]
[Result "1/2-1/2"]
[WhiteElo "1506"]
[BlackElo "1785"]
[EventDate "2022.10.15"]
[PlyCount "48"]

1.d4 d5 2.Nf3 Nf6 3.c4 c6 4.Nc3 e6 5.e3 Nbd7 6.Be2 dxc4 7.Bxc4 b5 8.Bd3 
Bd6 9.O-O O-O 10.a3 a5 11.Bd2 Bb7 12.Ne4 Nxe4 13.Bxe4 Nf6 14.Bd3 Qe7 15.
Qe2 Nd7 16.Rfc1 e5 17.dxe5 Nxe5 18.Nxe5 Qxe5 19.f4 Qxb2 20.Bxh7+ Kxh7 21.
Qh5+ Kg8 22.Bc3 Qb3 23.Bxg7 Qxe3+ 24.Kh1 Kxg7 1/2-1/2

[Event "25th Hoogeveen op"]
[Site "Hoogeveen NED"]
[Date "2022.10.21"]
[Round "8.40"]
[White "Van Heeren, Arie"]
[Black "Van der Vegt, Seth"]
[Result "0-1"]
[WhiteElo "1755"]
[BlackElo "1900"]
[EventDate "2022.10.15"]
[PlyCount "82"]

1.e4 c5 2.Nf3 e6 3.d4 cxd4 4.Nxd4 Nc6 5.Nc3 Qc7 6.a3 Nf6 7.Be2 a6 8.Be3 b5
9.Qd2 Bb7 10.f3 Be7 11.Nb3 d6 12.Bf4 O-O 13.g4 Rfd8 14.h4 Na5 15.h5 Nc4 
16.Bxc4 bxc4 17.Nc1 Qb6 18.Rb1 d5 19.e5 d4 20.Na4 Qc6 21.exf6 Bxf6 22.g5 
Be7 23.g6 Qxf3 24.gxf7+ Kf8 25.Rf1 Bh4+ 26.Rf2 Bxf2+ 27.Qxf2 Qxf2+ 28.Kxf2
Be4 29.Nb6 Ra7 30.Nxc4 Rxf7 31.Kg3 Bxc2 32.Ra1 d3 33.Na2 Rxf4 34.Kxf4 Rd4+
35.Ke3 Rxc4 36.Kd2 Rh4 37.Rf1+ Ke7 38.Rg1 Kf6 39.Nb4 a5 40.Nxc2 dxc2 41.
Kxc2 Rxh5 0-1

[Event "25th Hoogeveen op"]
[Site "Hoogeveen NED"]
[Date "2022.10.21"]
[Round "8.41"]
[White "Dokter, Lars"]
[Black "Land, Marc"]
[Result "0-1"]
[WhiteElo "1150"]
[BlackElo "1826"]
[EventDate "2022.10.15"]
[PlyCount "47"]

1.e4 c5 2.Nc3 e6 3.Nf3 a6 4.d4 cxd4 5.Nxd4 Qc7 6.Bd3 Nc6 7.Nxc6 bxc6 8.O-O
Nf6 9.h3 h6 10.Re1 Bc5 11.Na4 Ba7 12.c4 d6 13.Nc3 Rb8 14.a3 O-O 15.Rb1 Bd4
16.Be3 Bxc3 17.bxc3 c5 18.Rxb8 Qxb8 19.Qb1 Qc7 20.f4 Bb7 21.f5 exf5 22.
exf5 Qc6 23.Qc2 Ne8 24.Bd2 0-1

[Event "25th Hoogeveen op"]
[Site "Hoogeveen NED"]
[Date "2022.10.21"]
[Round "8.42"]
[White "Uneken, Bert"]
[Black "Rellum, Theo"]
[Result "1-0"]
[WhiteElo "1803"]
[BlackElo "1456"]
[EventDate "2022.10.15"]
[PlyCount "27"]

1.e4 e5 2.Nc3 Nf6 3.f4 Nc6 4.fxe5 Nxe5 5.d4 Nc6 6.e5 Ng8 7.Nf3 d6 8.Bc4 h6
9.O-O Na5 10.Bxf7+ Kxf7 11.Ng5+ Ke7 12.Rf7+ Ke8 13.Qf3 Be7 14.Rf8+ 1-0